LDR 00692naa#a2200181#i#450# 001 EN\\bibl\121296 005 20260514103600.4 011 ## _a1994-4683 100 ## _a20230803b2023####ek#y0engy0150####ca 102 ## _aRU 200 1# _aTO THE QUESTION OF THE NEED TO INCLUDE A COMPLEX OF STRENGTH PHYSICAL EXERCISES IN THE TRAINING PROCESS OF ATHLETES-SHOOTERS _eJournal article 210 1# _aMoscow _cNational State University of Physical Education, Sports and Health named after P.F. Lesgaft _d2023 215 ## _a4 с. 608 ## _aJournal article _2local 675 ## _aСтрелковый спорт. Стендовая стрельба. 799.3 _z 700 #1 _a _g 700 #1 _a _g 856 4# _auchzapiski.lesgaft.spb.ru _u